Sports Quiz

Random Sports or NFL Quiz

NFL 1,000 Yard Rushers (1970s) Quiz Stats

 Plays Quiz Updated Sep 25, 2018

Score 0/79 Timer 10:00
4 Plays Today
Yards Player Name % Correct
2,003O.J. Simpson
91.8%
1,817O.J. Simpson
91.7%
1,503O.J. Simpson
91.7%
1,251O.J. Simpson
91.7%
1,125O.J. Simpson
91.7%
1,246Franco Harris
84.3%
1,186Franco Harris
84.3%
1,162Franco Harris
84.3%
1,128Franco Harris
84.3%
1,082Franco Harris
84.3%
1,055Franco Harris
84.3%
1,006Franco Harris
84.3%
1,852Walter Payton
82.1%
1,610Walter Payton
82.1%
1,395Walter Payton
82.1%
1,390Walter Payton
82.1%
1,117Larry Csonka
76.7%
1,051Larry Csonka
76.7%
1,003Larry Csonka
76.7%
1,325Tony Dorsett
76.3%
1,107Tony Dorsett
76.3%
1,007Tony Dorsett
76.3%
1,697Earl Campbell
74.4%
1,450Earl Campbell
74.4%
1,216Larry Brown
69.8%
1,125Larry Brown
69.8%
1,153John Riggins
69.5%
1,014John Riggins
69.5%
1,005John Riggins
69.5%
1,182Ron Johnson
64.5%
1,027Ron Johnson
64.5%
1,000Mercury Morris
60.8%
1,605Ottis Anderson
57.2%
1,258Delvin Williams
46.9%
1,203Delvin Williams
46.9%
1,155Chuck Foreman
45.1%
1,112Chuck Foreman
45.1%
1,070Chuck Foreman
45.1%
1,101Mike Thomas
41.9%
1,512Wilbert Montgomery
41.3%
Yards Player Name % Correct
1,220Wilbert Montgomery
41.3%
1,036Rocky Bleier
39.1%
1,142Calvin Hill
37.5%
1,036Calvin Hill
37.5%
1,198Chuck Muncie
35.2%
1,133Floyd Little
34.8%
1,200Lydell Mitchell
33%
1,193Lydell Mitchell
33%
1,159Lydell Mitchell
33%
1,086Greg Pruitt
30%
1,067Greg Pruitt
30%
1,000Greg Pruitt
30%
1,294Mike Pruitt
30%
1,015Sam Cunningham
29.8%
1,238Lawrence McCutcheon
29%
1,168Lawrence McCutcheon
29%
1,109Lawrence McCutcheon
29%
1,097Lawrence McCutcheon
29%
1,263Ricky Bell
28.8%
1,273Mark vanEeghen
28.7%
1,080Mark vanEeghen
28.7%
1,012Mark vanEeghen
28.7%
1,144John Brockington
26.5%
1,105John Brockington
26.5%
1,027John Brockington
26.5%
1,109Wendell Tyler
25.6%
1,023William Andrews
23.2%
1,407Otis Armstrong
21.5%
1,008Otis Armstrong
21.5%
1,031Mike Garrett
19.2%
1,060Terry Miller
17.4%
1,076Jim Otis
16.6%
1,162Don Woods
16.2%
1,035Steve Owens
14.6%
1,100Marv Hubbard
14.1%
1,002Dave Hampton
12.5%
1,116Terdell Middleton
11.7%
1,000Willie Ellison
8.8%
1,053Tony Reed
7.9%

You're not logged in!

Compare scores with friends on all Sporcle quizzes.
OR
Log In

Sporcle TV

Today on Sporcle TV


Watch our educational content, quiz creation guides, and fun videos on Sporcle TV.

Show Comments

Extras

Top Quizzes Today


Score Distribution

Your Account Isn't Verified!

In order to create a playlist on Sporcle, you need to verify the email address you used during registration. Go to your Sporcle Settings to finish the process.

Report this User

Report this user for behavior that violates our Community Guidelines.

Details: